Turbidity currents: dynamics, deposits and reversals
Guardat en:
| Autor principal: | |
|---|---|
| Format: | Llibre |
| Idioma: | anglès |
| Publicat: |
Berlín
Springer
1993
|
| Matèries: | |
| Etiquetes: |
Afegir etiqueta
Sense etiquetes, Sigues el primer a etiquetar aquest registre!
|
MARC
| LEADER | 00000nam a2200000 a 4500 | ||
|---|---|---|---|
| 001 | UCZ5968 | ||
| 003 | CL-VaPUC | ||
| 008 | 951130e19930000GW |||||||||||||||||eng|d | ||
| 082 | 0 | 4 | |a 551.3 |b EDW |2 21 |
| 100 | 0 | |a Edwards, Deborah Anne |e author |9 350180 | |
| 245 | 1 | 0 | |a Turbidity currents: dynamics, deposits and reversals |
| 300 | |a 173 p | ||
| 942 | |c BK | ||
| 945 | |d 19951130 00:00:00 |a rleighto | ||
| 260 | |a Berlín |b Springer |c 1993 | ||
| 650 | 7 | |a CORRIENTES DE AGUA |2 CL-VaPUC |9 350181 | |
| 650 | 0 | |a Sedimentación |9 261527 | |
| 650 | 0 | |a Hidrodinámica |9 261326 | |
| 650 | 0 | |a Aguas subterráneas |9 260378 | |
| 583 | |a last modification |c 19951130 00:00:00 |k Rodrigo Vera | ||
| 999 | |c 242237 |d 242235 | ||
| 952 | |0 0 |1 0 |2 ddc |4 0 |6 551_300000000000000_EDW_1993 |7 0 |8 CCM |9 255051 |a BIBCUR |b BIBCUR |c PAC |d 2019-11-19 |i 3153703 |o 551.3 EDW 1993 |p 3153703 |r 2025-04-22 |w 2019-11-19 |y BK |k CIM | ||